1159 1916 1456 1016 1235 1219 1330 1537 1613 1310 1311 1200 1814 1310 1513 1337 1290 1080 1218 1618 1762 1377 1063 1498 1669 1805 1274 1465 1595 1512 1173 1781 1103 1209 1958 1775 1663 1812 1066 1402 1117 1715 1210 1479 1955 1913 1842 1591 1554 1266 1626 1231 1193 1015 1352 1995 1623 1862 1889 1639 1332 1972 1245 1119 1361 1311 1427 1276 1585 1880 1709 1406 1584 1166 1609 1316 1357 1115 1850 1403 1620 1198 1256 1666 1766 1778 1419 1807 1453 1476 1778 1002 1079 1739 1351 1139 1856 1017 1812 BCNSPRNW ULIB Ver.6.0+V

เปลี่ยนเป็นภาษาไทย

Change to English
 แสดงรายละเอียดบรรณานุกรม
  กลับหน้าหลัก

Brief Record : Get Marc (ISO 2709) : E-mail record : QR code < ปิดหน้าต่าง
LEADER : 00000nam 2200000uu 4500
001    13399112664
003     ULIB
008    110830s2549||||th 000 0 tha d
020    9789747216646
050  4 JC571^bจ157บ 2549
100 0  จรัล ดิษฐาอภิชัย
245 10 บนหนทางสิทธิมนุษยชน /^cจรัล ดิษฐาอภิชัย
260    กรุงเทพฯ :^bสถาบันนโยบายศึกษา,^c2549
300    136 หน้า ;^c21 ซม.
650  4 สิทธิมนุษยชน
710 2  สถาบันนโยบายศึกษา
945    ^p150^l0^i021506
945    ^p150^l0^i021507
995    ทศพร
999 ^a ทศพร
รายการนี้ยังไม่มีแท็ก
คุณยังไม่ได้ล็อกอิน คุณสามารถมีกิจกรรมร่วมกับเว็บไซต์ได้ แต่ต้องล็อกอินก่อน ::
  ล็อกอิน

รายการสื่อสารสนเทศ

ลำดับที่ ประเภท เลขเรียก/บาร์โค้ด สถานที่ สถานะ
- ไม่พบข้อมูล -

รายการใกล้เคียง
    ผู้แต่ง [จรัล ดิษฐาอภิชัย]

    หัวเรื่อง [สิทธิมนุษยชน]

BibComment


ยังไม่เคยถูกคอมเมนท์

คอมเมนท์ทรัพยากรรายการนี้
  คอมเมนท์: บนหนทางสิทธิมนุษย..


 Copyright 2026. Bcnsprnw @Library